000 01851cam a22002535a 4500
001 L158883
008 140821s2015 xxk f 000 0 eng d
035 _a(Sirsi) u158883
041 0 _aeng
110 2 _aRoyal Institution of Chartered Surveyors
_94900
245 0 0 _aAdvancing responsible business practices in land, construction and real estate use and investment
260 _aLondon
_bRICS
_c2015
505 2 _aForeword -- About this document -- The land, construction and real estate life cycle -- The development phase -- The real estate use phase -- The recovery phase -- Key building blocks of a responsible land, construction and real estate business strategy -- Issue glossary -- Self-assessment checklist -- UN resources and tools list -- Endnotes -- Acknowledgements
520 _aRepresents a two years long collaboration between RICS and the United Nations Global Compact. Together they identified 15 key issues and 15 actions that are tied to the Ten Principles of the Global Compact - in the areas of human rights, labour, the environment and anti-corruption - and created a ?responsible business? roadmap for the land, real estate and construction sectors and its users. The aim is to make responsible business the status quo and encourage companies to think holistically about the environmental and social impact of their business activities, and strategic investment decisions.
590 _aKA
650 2 4 _aRESPONSIBLE BUSINESS
650 2 4 _aSOCIAL IMPACT
650 2 4 _aENVIRONMENTAL IMPACT
651 4 _aInternational
690 _aBusiness and management
_96226
710 1 _aUnited Nations Global Impact
856 4 8 _uhttp://web.archive.org/web/20160101195116/https://www.rics.org/Global/RICS%20UNGC%20Advancing%20Responsible%20Business%20-%20Full%20Report.pdf
_zAvailable on the web archive
942 _n0
_2ddc
999 _c115566
_d115566